• 首页
  • 本馆介绍
  • 公告通知
  • 最新文献
  • 馆藏检索
  • 电子资源
  • 读者导购
  • 参考咨询
  • 我的图书馆
  • 登录
  • 详细信息显示
  • 放入我的书架
  • 预约/预借图书
  • 作者相关作品
  • 分类相关作品
  • 丛书相关作品
  • 出版社相关作品

书目信息

  • 表格格式
  • 工作单格式
  • 卡片格式
题名:
经济益与经济制度
    
 
作者: 布罗姆利 , Bromley 著 ;陈郁 译
分册:  
出版信息: 上海   上海人民出版社  1996
页数: 331页
开本: 20cm
丛书名: 当代经济学系列丛书
单 册:
中图分类: F062.6
科图分类:
主题词: 经济利益--关系--经济制度--概论
电子资源:
ISBN: 7-208-02368-9
000 01008nam2 2200301 450
001 0100615039
005 20100706155758.0
010    @a7-208-02368-9@dCNY18.00
011    @a7-208-02368-9
100    @a20021005d1996 em y0chiy0110 ea
101 1  @achi@ceng
102    @aCN@b310000
105    @ay z 000yy
106    @ar
200 1  @a经济益与经济制度@9Jing Ji Yi Yu Jing Ji Zhi Du;Duo @e公共政策的理论基础@f(美)丹尼尔·W.布罗姆利(Daniel W.Bromley)著@g陈郁等译@b专著
210    @a上海@c上海人民出版社@d1996
215    @a331页@d20cm
225 2  @a当代经济学系列丛书@i当代经济学译库
300    @a书名原文:Economic interests and institutions
410  0 @12001 @a当代经济学系列丛书
510 1  @aEconomic interests and institutions@zeng
606 0  @a经济利益@x关系@x经济制度@x概论
690    @aF062.6@v3
701  1 @a布罗姆利@9bu luo mu li@b丹尼尔·W.@4著
701  1 @aBromley@bDaniel W.@4著
702  0 @a陈郁@9chen yu@4译
801  0 @aCN@bAiZhiMarc
905    @aBZT@dF062.6@e13@f2@sF062.6/13
    
    经济益与经济制度:公共政策的理论基础/(美)丹尼尔·W.布罗姆利(Daniel W.Bromley)著/陈郁等译.-上海:上海人民出版社,1996
    331页;20cm.-(当代经济学系列丛书.当代经济学译库)
    书名原文:Economic interests and institutions
    
    ISBN 7-208-02368-9:CNY18.00
    
●
相关链接 在五车中查询图书 在当当中查询图书 在豆瓣中查询图书


正题名:经济益与经济制度     索取号:F062.6/13         预约/预借

序号 登录号 条形码 馆藏地/架位号 状态 备注
1 2000142979   2000142979   旧书回溯/ [索取号:F062.6/13] 在馆    
2 2000144085   2000144085   旧书回溯/ [索取号:F062.6/13] 在馆    
山东省滨州职业学院图书馆 欢迎您!
大连网信软件有限公司© 版权所有